000 00401nam a22001697a 4500
005 20240412105620.0
008 240405b |||||||| |||| 00| 0 eng d
041 _aMarathi
082 _a891.46
_bDHA
100 _aDhariya Mohan
_9206194
245 _aYahi Jindagi
260 _aPune
_bShrividya Prakashan
_c1985
300 _a146
365 _b0.00
_cRs.00
650 _aNon Fiction
942 _cDB
999 _c357682
_d357682